| 000 | 01272cam a22003497a 4500 | ||
|---|---|---|---|
| 003 | CHAP | ||
| 005 | 20220329142441.0 | ||
| 008 | 010301d2001 mx r 00110 spa d | ||
| 010 | _a83679 | ||
| 011 | _a84651 | ||
| 035 | _a95176 | ||
| 040 | _cCHAP | ||
| 090 | _aTesis | ||
| 100 | 0 | 0 |
_aMacías Sánchez, Karla Lizbeth. _969531 |
| 245 | 1 | 0 |
_aValidación preliminar de la actividad antibacterial de cinco plantas utilizadas en la desinfección de heridas _c/por Karla Lizbeth Macias Sánchez. |
| 260 |
_aSan Luis Potosi, S.L.P. : _bEl autor, _c2001. |
||
| 300 |
_a39 h. : _bcuads. |
||
| 502 | _aTesis (Lic. en Químico Farmacobiólogo) -- Universidad Autónoma de San Luis Potosí. Facultad de Ciencias Químicas. | ||
| 590 |
_aALEPH _b10 _c20130110 _lUCH01 _h1441 |
||
| 590 |
_aBATCH-UPD _b10 _c20130110 _lUCH01 _h0627 |
||
| 590 |
_aBATCH-UPD _b10 _c20130410 _lUCH01 _h0310 |
||
| 590 |
_aBATCH-UPD _b10 _c20130913 _lUCH01 _h1846 |
||
| 590 |
_aCONVERSION _b10 _c20130109 _lUCH01 _h1346 |
||
| 650 | 1 | 4 |
_aAcalypha. _9397 |
| 650 | 1 | 4 |
_aBotánica médica. _914680 |
| 650 | 1 | 4 |
_aDesinfectantes y desinfección. _932153 |
| 650 | 1 | 4 |
_aMicroorganismos patógenos. _975528 |
| 901 | _aBK | ||
| 905 | _aEdna Luz | ||
| 942 | _cTESIS | ||
| 949 |
_bBC _cTES _d951761 _eTS1 _h37957 _i95176 _sb |
||
| 999 |
_c83679 _d83679 |
||